• 首页
  • 本馆介绍
  • 公告通知
  • 最新文献
  • 馆藏检索
  • 电子资源
  • 读者导购
  • 参考咨询
  • 我的图书馆
  • 登录
  • 详细信息显示
  • 放入我的书架
  • 预约/预借图书
  • 作者相关作品
  • 分类相关作品
  • 丛书相关作品
  • 出版社相关作品

书目信息

  • 表格格式
  • 工作单格式
  • 卡片格式
题名:
市场调查与预测
    
 
作者: 孙国辉 主编
分册:  
出版信息: 北京   中国财政经济出版社  2000
页数: 252页
开本: 20cm
丛书名:
单 册:
中图分类: F713.52 , F713.54
科图分类:
主题词: 市场调查--高等教育--教材 , 市场预测--高等教育--教材
电子资源:
ISBN: 7-5005-4706-4
000 00905nam0 2200277 450
001 0100054287
005 20020928000000.0
010    @a7-5005-4706-4@dCNY13.00
011    @a7-5005-4706-4
100    @a20001117d2000 em y0chiy0110 ea
101 0  @achi
102    @aCN@b110000
105    @ay z 000yy
106    @ar
200 1  @a市场调查与预测@9Shi Chang Diao;Tiao Cha;Zha Yu Yu Ce @f孙国辉主编@b专著
210    @a北京@c中国财政经济出版社@d2000
215    @a252页@d20cm
300    @a教育部高职高专规划教材
330    @a本书共分九章,内容包括:市场调查的内容、市场调查的程序、市场调查的方法、抽样方法、市场预测的内容与程序、时间序列预测法等。
606 0  @a市场调查@x高等教育@j教材
606 0  @a市场预测@x高等教育@j教材
690    @aF713.52@v4
690    @aF713.54@v4
701  0 @a孙国辉@9sun guo hui@4主编
801  0 @aCN@bAiZhiMarc@c20001218
905    @aBZT@dF713.52@e171@f3@sF713.52/171
    
    市场调查与预测/孙国辉主编.-北京:中国财政经济出版社,2000
    252页;20cm
    教育部高职高专规划教材
    
    ISBN 7-5005-4706-4:CNY13.00
    本书共分九章,内容包括:市场调查的内容、市场调查的程序、市场调查的方法、抽样方法、市场预测的内容与程序、时间序列预测法等。
●
相关链接 在五车中查询图书 在当当中查询图书 在豆瓣中查询图书


正题名:市场调查与预测     索取号:F713.52/171         预约/预借

序号 登录号 条形码 馆藏地/架位号 状态 备注
1 2000062447   2000062447   旧书回溯/ [索取号:F713.52/171] 在馆    
2 2000062448   2000062448   旧书回溯/ [索取号:F713.52/171] 在馆    
3 2000127774   2000127774   旧书回溯/ [索取号:F713.52/171] 在馆    
山东省滨州职业学院图书馆 欢迎您!
大连网信软件有限公司© 版权所有